| 000 | 015050000a22003370004500 | ||
|---|---|---|---|
| 003 | EG-GICUC | ||
| 005 | 20250223025314.0 | ||
| 008 | 080604s2008 ua dh f m 000 0 eng d | ||
| 040 |
_aEG-GICUC _beng _cEG-GICUC |
||
| 041 | 0 | _aEng | |
| 049 | _aDeposite | ||
| 097 | _aM.Sc | ||
| 099 | _aCai01.13.05.M.Sc.2008.Ta.H | ||
| 100 | 0 | _aTarek Abdelraheem Mohamed Abuzaid | |
| 245 | 1 | 0 |
_aHydraulics of porous pipes / _cTarek Abdelraheem Mohamed Abuzaid ; Supervised Abdelallah S.Bazaraa , Mostafa A.Ghaith |
| 246 | 1 | 5 | _aهيدروليكية المواسير المسامية |
| 260 |
_aCairo : _bTarek Abdelraheem Mohamed Abuzaid , _c2008 |
||
| 300 |
_a129P. : _bcharts , facsimiles ; _c30cm |
||
| 502 | _aThesis (M.Sc.) - Cairo University - Faculty Of Engineering - Department Of Civil Engineering | ||
| 520 | _aDue to water scarcity , potential of waste water reuse and reduction in usage of pure water in irrigation , the use of buried drip irrigation is recommended to reduce health and environmental hazards as well as evaporation losses Porous drip laterals are relatively new invention in this field that needs further study | ||
| 530 | _aIssued also as CD | ||
| 653 | 4 | _aLeaky pipes | |
| 653 | 4 | _aPorous pipes | |
| 653 | 4 | _aSubsurface Drip Irrigation | |
| 700 | 0 |
_aAbdelallah Sadek Bazaraa , _eSupervisor |
|
| 700 | 0 |
_aMostafa Ahmed Ghaith , _eSupervisor |
|
| 856 | _uhttp://172.23.153.220/th.pdf | ||
| 905 |
_aFatma _eCataloger |
||
| 905 |
_aNazla _eRevisor |
||
| 942 |
_2ddc _cTH |
||
| 999 |
_c10088 _d10088 |
||